| 000 | 00696cam a2200193 a 4500 | ||
|---|---|---|---|
| 001 | 000007685 | ||
| 005 | 20200929154248.0 | ||
| 008 | 730418s1965 nyu b 001 0 eng d | ||
| 040 |
_aDO-SdBNP _bspa _cBNPHU |
||
| 082 |
_a923.173 _bA211L |
||
| 100 | 1 |
_aLipsky, George A. _q(George Arthur), _d1912- _921299 |
|
| 245 | 1 | 0 |
_aJohn Quincy Adams, his theory and ideas / _cGeorge A. Lipsky ; prólogo Allan Nevins. |
| 260 |
_aNew York : _bThomas y Crowell Company, _c1965. |
||
| 300 |
_axii, 347 p. ; _c22 cm. |
||
| 504 | _aBibliografía: p. 334-339. | ||
| 600 | 1 | 0 |
_aADAMS, JOHN QUINCY, _d1767-1848. _921300 |
| 651 | 4 |
_aEstados Unidos _xPresidente _y1825-1829 _921301 |
|
| 700 | 1 |
_aNevins, Allan, _epról. _921302 |
|
| 999 |
_c7465 _d7465 |
||